[Event "BL 2324 SG Solingen - Schachfreunde Deiz"]
[Site "?"]
[Date "2023.10.22"]
[Round "2.2"]
[White "Tari, Aryan"]
[Black "Kollars, Dmitrij"]
[Result "1/2-1/2"]
[WhiteElo "2619"]
[BlackElo "2633"]
[PlyCount "245"]
[EventDate "2023.??.??"]

1. e4 e5 2. Nf3 Nc6 3. Bb5 a6 4. Ba4 Nf6 5. O-O Nxe4 6. d4 b5 7. Bb3 d5 8. dxe5 Be6 9. Be3 Be7 10. c3 O-O 11. Nbd2 Bg4 12. h3 Nxd2 13. hxg4 Nxf1 14. Kxf1 Na5 15. Bxd5 c6 16. Be4 Qxd1+ 17. Rxd1 Nc4 18. Bc1 Rad8 19. Re1 c5 20. g5 Nb6 21. g3 b4 22. Kg2 bxc3 23. bxc3 Na4 24. Bc2 Nxc3 25. Bb3 c4 26. Bxc4 Rd1 27. Rxd1 Nxd1 28. e6 fxe6 29. Bxe6+ Kh8 30. Bb3 Nc3 31. Ne5 Nb5 32. g6 Nd6 33. Ba3 Nf5 34. Bb2 Nd6 35. g4 Bf6 36. Nd7 Bxb2 37. Nxf8 hxg6 38. g5 Ba3 39. Nxg6+ Kh7 40. Nf8+ Kh8 41. f4 Nf5 42. Ng6+ Kh7 43. Ne5 g6 44. Kh3 Ne7 45. Kg4 Kg7 46. Be6 Bb4 47. Kf3 a5 48. Bd7 Bc3 49. Ke4 Bd2 50. a3 Bc3 51. Nc4 Kf7 52. Kd3 Be1 53. Kd4 Bf2+ 54. Ke5 Be1 55. Be6+ Kf8 56. Bd7 Kf7 57. Nd6+ Kf8 58. Ne4 Kf7 59. Be6+ Kg7 60. Kd4 Nc6+ 61. Kd3 Bh4 62. Ke3 Kf8 63. Bc4 Ne7 64. Ke2 Nf5 65. Nc5 Nd4+ 66. Kd3 Nf5 67. Be6 Ng7 68. Bg4 Bf2 69. Nd7+ Kg8 70. Ne5 Kh7 71. Bd7 Bc5 72. a4 Bb4 73. Ke4 Bd2 74. Kf3 Nh5 75. Nd3 Ng7 76. Kg4 Be3 77. Ne5 Bd2 78. Bc8 Bc3 79. Bd7 Bd2 80. Kf3 Nh5 81. Nd3 Ng7 82. Ke2 Bc3 83. Ke3 Nh5 84. Ne5 Bb2 85. Ke4 Bc1 86. Nd3 Bd2 87. Bg4 Ng7 88. Ne5 Bb4 89. Nc6 Bd2 90. Ke5 Bc3+ 91. Kd5 Bd2 92. Ke4 Ne8 93. Ke5 Kg7 94. Bd7 Nc7 95. Bc8 Kf7 96. Ke4 Kg7 97. Ne5 Bb4 98. Nc4 Bc3 99. Kd3 Be1 100. Kd4 Bb4 101. Ne5 Bd6 102. Bb7 Ba3 103. Nd3 Ne8 104. Be4 Nc7 105. Bc6 Bd6 106. Ne5 Ba3 107. Bd7 Bc1 108. Nd3 Bd2 109. Bb5 Kf8 110. Bc4 Ne8 111. Kc5 Be3+ 112. Kc6 Ng7 113. Kd5 Nf5 114. Ke4 Bd2 115. Be6 Ne7 116. Nc5 Kg7 117. Bc4 Nf5 118. Ne6+ Kh7 119. Bd3 Nh4 120. Nd4 Kg7 121. Nb3 Bb4 122. Bc4 Nf5 123. Be6 1/2-1/2

[Event "BL 2324 SG Solingen - Schachfreunde Deiz"]
[Site "?"]
[Date "2023.10.22"]
[Round "2.4"]
[White "Ragger, Markus"]
[Black "Gupta, Abhijeet"]
[Result "1/2-1/2"]
[WhiteElo "2615"]
[BlackElo "2609"]
[PlyCount "76"]
[EventDate "2023.??.??"]

1. e4 c5 2. Nf3 d6 3. Bb5+ Bd7 4. Bxd7+ Nxd7 5. O-O Ngf6 6. Qe2 e6 7. c3 Be7 8. d4 O-O 9. e5 Ne8 10. Nbd2 cxd4 11. cxd4 dxe5 12. dxe5 Nc5 13. Ne4 Nxe4 14. Qxe4 Nc7 15. Qxb7 Nd5 16. Bd2 a5 17. b3 h6 18. Qb5 Bb4 19. Rfd1 Qe7 20. Qc4 Rfc8 21. Qg4 Bxd2 22. Rxd2 a4 23. bxa4 Qa3 24. h4 Rxa4 25. Rd4 Rca8 26. Qe4 Nc3 27. Rxa4 Rxa4 28. Qc6 Qb2 29. Rf1 Kh7 30. Qd7 Ne2+ 31. Kh2 Rg4 32. Kh3 Qc2 33. Qxf7 Qe4 34. Ng5+ Rxg5 35. hxg5 Nf4+ 36. Kg3 Ne2+ 37. Kh3 Nf4+ 38. Kg3 Ne2+ 1/2-1/2

[Event "BL 2324 SG Solingen - Schachfreunde Deiz"]
[Site "?"]
[Date "2023.10.22"]
[Round "2.5"]
[White "Zilka, Stepan"]
[Black "L'Ami, Erwin"]
[Result "1-0"]
[WhiteElo "2599"]
[BlackElo "2627"]
[PlyCount "119"]
[EventDate "2023.??.??"]

1. e4 e5 2. Nf3 Nc6 3. Bb5 Nf6 4. O-O Nxe4 5. Re1 Nd6 6. Nxe5 Be7 7. Bf1 Nxe5 8. Rxe5 O-O 9. d4 Ne8 10. d5 Bc5 11. Nd2 d6 12. Re1 Nf6 13. Nb3 Bb6 14. Be3 Bxe3 15. Rxe3 Re8 16. Rxe8+ Qxe8 17. c4 Bd7 18. Qd2 Qf8 19. Re1 b6 20. Nd4 Re8 21. b4 g6 22. h3 Nh5 23. Re3 Ng7 24. Ra3 Ra8 25. g4 Qe7 26. Bg2 h5 27. Ne6 Re8 28. Nxg7 Qe1+ 29. Qxe1 Rxe1+ 30. Kh2 Rc1 31. Rxa7 Rxc4 32. Nxh5 gxh5 33. gxh5 Kg7 34. a3 Kh6 35. Bf1 Rc1 36. Be2 Rc2 37. Bd1 Rc3 38. h4 b5 39. Rb7 f5 40. Rb8 f4 41. Rf8 Rxa3 42. Rxf4 Be8 43. Rf8 Ra8 44. Bg4 Kg7 45. Rf5 Ra4 46. Rf4 c5 47. dxc6 Bxc6 48. Rd4 d5 49. Bf3 Kf6 50. Rg4 Bd7 51. Rg6+ Ke5 52. h6 Ra8 53. Rg5+ Kf4 54. Bxd5 Rh8 55. Rg6 Bf5 56. Rb6 Kg4 57. Be6 Bxe6 58. Rxe6 Kxh4 59. Rg6 Kh5 60. Rg3 1-0

[Event "BL 2324 SG Solingen - Schachfreunde Deiz"]
[Site "?"]
[Date "2023.10.22"]
[Round "2.6"]
[White "Andersen, Mads"]
[Black "Dautov, Rustem"]
[Result "1/2-1/2"]
[WhiteElo "2606"]
[BlackElo "2584"]
[PlyCount "162"]
[EventDate "2023.??.??"]

1. e4 c6 2. Nf3 d5 3. Nc3 Bg4 4. h3 Bxf3 5. Qxf3 e6 6. Be2 Nf6 7. O-O Nbd7 8. d4 dxe4 9. Nxe4 Nxe4 10. Qxe4 Nf6 11. Qe3 Be7 12. a4 a5 13. Re1 O-O 14. c3 h6 15. Bf1 Re8 16. Qg3 Kf8 17. Qf3 Qd5 18. Qxd5 Nxd5 19. g3 Bg5 20. f4 Be7 21. Kg2 h5 22. Kf3 g6 23. Bd3 Red8 24. Bc2 Rac8 25. Re2 Rc7 26. Bd2 Rcd7 27. Rae1 c5 28. dxc5 Bxc5 29. Bc1 Ne7 30. g4 h4 31. Kg2 Kg7 32. Rf1 b6 33. Rf3 Rd6 34. Kf1 f5 35. Ke1 Kf6 36. Bd2 Nc6 37. Kd1 Ne7 38. Kc1 Nd5 39. Be1 Rh8 40. Bd2 Kf7 41. g5 Rhd8 42. Bb3 Rc8 43. Kb1 Rcd8 44. Kc2 Nc7 45. Bc4 Nd5 46. Bc1 Nc7 47. Rf1 Rc6 48. Kb3 Rcd6 49. Rfe1 Rd1 50. Kc2 Rxe1 51. Rxe1 Nd5 52. Re2 Bd6 53. Rf2 Bc7 54. Bd2 Ke7 55. Rf3 e5 56. fxe5 Bxe5 57. Be1 Bg3 58. Bxg3 hxg3 59. Bxd5 Rxd5 60. Rxg3 f4 61. Rf3 Rf5 62. Kd3 Rxg5 63. Rxf4 Rg2 64. b4 Rg3+ 65. Kc4 Rxh3 66. Re4+ Kf7 67. Rf4+ Ke7 68. Kb5 Rxc3 69. Kxb6 axb4 70. Rxb4 g5 71. a5 Ra3 72. a6 Kf6 73. Rb5 g4 74. a7 g3 75. Kb7 g2 76. Rb1 Kf5 77. Rg1 Rb3+ 78. Kc6 Ra3 79. Kb6 Rb3+ 80. Kc5 Ra3 81. Rxg2 Rxa7 1/2-1/2

[Event "BL 2324 SG Solingen - Schachfreunde Deiz"]
[Site "?"]
[Date "2023.10.22"]
[Round "2.8"]
[White "Wegerle, Joerg"]
[Black "Koellner, Ruben Gideon"]
[Result "1/2-1/2"]
[WhiteElo "2405"]
[BlackElo "2483"]
[PlyCount "110"]
[EventDate "2023.??.??"]

1. d4 d5 2. Nf3 Nf6 3. c4 e6 4. Nc3 Be7 5. Bg5 h6 6. Bxf6 Bxf6 7. e3 O-O 8. Qc2 c6 9. Bd3 Nd7 10. cxd5 exd5 11. O-O Be7 12. Rad1 Nf6 13. Ne5 Ng4 14. Nxg4 Bxg4 15. Be2 Bxe2 16. Nxe2 Bd6 17. Nc1 Qh4 18. g3 Qh3 19. e4 dxe4 20. Qxe4 Rfe8 21. Qf3 Rad8 22. Ne2 Bb4 23. Nc3 Bxc3 24. bxc3 Qe6 25. Rd2 Qc4 26. Rfd1 Rd5 27. Qd3 Qxd3 28. Rxd3 Ra5 29. R3d2 Ra4 30. Rb1 b6 31. Kf1 Rc4 32. Rd3 Kf8 33. Rb4 Rxb4 34. cxb4 Rd8 35. Ke2 Rd5 36. Rc3 Rd6 37. Ke3 Ke7 38. Ra3 Rd7 39. Ke4 Kd6 40. Re3 Re7+ 41. Kd3 Rxe3+ 42. Kxe3 Kd5 43. Kd3 f5 44. f3 g6 45. h3 a6 46. a3 a5 47. bxa5 bxa5 48. g4 fxg4 49. fxg4 h5 50. gxh5 gxh5 51. h4 a4 52. Kc3 c5 53. dxc5 Kxc5 54. Kd3 Kd5 55. Kc3 Kc5 1/2-1/2

[Event "BL 2324 SV Mülheim Nord - SC Viernheim"]
[Site "?"]
[Date "2023.10.22"]
[Round "2.1"]
[White "Abdusattorov, Nodirbek"]
[Black "Beerdsen, Thomas"]
[Result "1-0"]
[WhiteElo "2716"]
[BlackElo "2496"]
[PlyCount "65"]
[EventDate "2023.??.??"]

1. e4 c5 2. Nf3 e6 3. d4 cxd4 4. Nxd4 Nc6 5. Nc3 Nf6 6. Be2 Bb4 7. O-O Bxc3 8. bxc3 Nxe4 9. Nxc6 dxc6 10. Bd3 Nc5 11. Qg4 Qf6 12. Bg5 Qxc3 13. Qg3 Nxd3 14. Rad1 Qc5 15. Rxd3 f6 16. Rfd1 O-O 17. Bh6 Qe7 18. Rd8 c5 19. h4 b5 20. h5 e5 21. Bxg7 Qxg7 22. Rxf8+ Kxf8 23. Rd8+ Kf7 24. Qb3+ Ke7 25. Qd5 Qh6 26. Qd6+ Kf7 27. f4 exf4 28. Qc7+ Ke6 29. Qc6+ Kf5 30. Qd5+ Kg4 31. Rg8+ Kh4 32. g3+ Kh3 33. Qg2# 1-0

[Event "BL 2324 SV Mülheim Nord - SC Viernheim"]
[Site "?"]
[Date "2023.10.22"]
[Round "2.3"]
[White "Mamedyarov, Shakhriyar"]
[Black "Hausrath, Daniel"]
[Result "1-0"]
[WhiteElo "2734"]
[BlackElo "2462"]
[PlyCount "101"]
[EventDate "2023.??.??"]

1. d4 Nf6 2. c4 g6 3. g3 Bg7 4. Bg2 O-O 5. Nc3 d6 6. Nf3 c6 7. O-O Qa5 8. e4 e5 9. h3 Nbd7 10. Qe2 exd4 11. Nxd4 Re8 12. Bf4 Ne5 13. Rac1 a6 14. Rfd1 c5 15. Nf3 Nh5 16. Bd2 Be6 17. b3 Qc7 18. Ng5 Nc6 19. g4 Nd4 20. Qd3 Nf6 21. f4 Bd7 22. Nf3 Bc6 23. Re1 Nd7 24. g5 Re7 25. Nd5 Bxd5 26. cxd5 Qb6 27. Nxd4 Bxd4+ 28. Kh1 Rae8 29. h4 Bg7 30. h5 c4 31. Rxc4 Qf2 32. h6 b5 33. Rcc1 Bb2 34. Rc2 Bd4 35. Rf1 Qh4+ 36. Qh3 Qxh3+ 37. Bxh3 Nc5 38. e5 Ne4 39. Bb4 Ng3+ 40. Kg2 Nxf1 41. Kxf1 Bxe5 42. fxe5 Rxe5 43. Bg2 Rf5+ 44. Kg1 f6 45. Bxd6 fxg5 46. Bg3 Re3 47. Bd6 Re8 48. Rc7 g4 49. Rg7+ Kh8 50. Bb4 Rc8 51. Ba3 1-0

[Event "BL 2324 SV Mülheim Nord - SC Viernheim"]
[Site "?"]
[Date "2023.10.22"]
[Round "2.4"]
[White "Saltaev, Mihail"]
[Black "Maghsoodloo, Parham"]
[Result "0-1"]
[WhiteElo "2441"]
[BlackElo "2707"]
[PlyCount "67"]
[EventDate "2023.??.??"]

1. e4 c5 2. Nf3 d6 3. d4 cxd4 4. Nxd4 Nf6 5. Nc3 a6 6. a4 e6 7. Bd3 Be7 8. O-O O-O 9. Be3 e5 10. Nb3 Be6 11. a5 Nbd7 12. Be2 Rc8 13. Bf3 Re8 14. Re1 h6 15. h3 Nf8 16. Re2 Ng6 17. Rd2 Rxc3 18. bxc3 Qc8 19. Rd3 Bc4 20. Rxd6 Bxd6 21. Qxd6 Nh4 22. Qc5 Qe6 23. Nd2 Nxf3+ 24. gxf3 Bb5 25. Kg2 Rc8 26. Qb4 Nh5 27. c4 Bd7 28. Rh1 Bc6 29. c5 Bb5 30. Qb3 Qe7 31. Nc4 Rxc5 32. Bxc5 Nf4+ 33. Kh2 Qe6 34. Bb6 0-1

[Event "BL 2324 SV Mülheim Nord - SC Viernheim"]
[Site "?"]
[Date "2023.10.22"]
[Round "2.5"]
[White "Anton Guijarro, David"]
[Black "Buckels, Valentin"]
[Result "1-0"]
[WhiteElo "2653"]
[BlackElo "2429"]
[PlyCount "105"]
[EventDate "2023.??.??"]

1. e4 e5 2. Nf3 Nc6 3. Bc4 Bc5 4. O-O d6 5. c3 Nf6 6. d3 a5 7. Re1 O-O 8. h3 h6 9. Nbd2 Ba7 10. Nf1 Ne7 11. Ng3 c6 12. Bb3 Ng6 13. d4 Nh7 14. Be3 Re8 15. a4 Qf6 16. Nh5 Qe7 17. Kh2 Kh8 18. Qd2 Be6 19. Bxe6 fxe6 20. dxe5 Bxe3 21. Qxe3 dxe5 22. Rad1 b5 23. Rd2 Rad8 24. axb5 cxb5 25. Red1 b4 26. Rxd8 Rxd8 27. Rxd8+ Qxd8 28. Qa7 Qe7 29. Qxe7 Nxe7 30. cxb4 axb4 31. Nxe5 Nf6 32. Ng3 g5 33. f3 Kg7 34. Ne2 Ne8 35. Nd4 Kf6 36. Ng4+ Kg6 37. Ne5+ Kf6 38. Nd3 e5 39. Nc2 b3 40. Na1 Nc6 41. Nxb3 Nd6 42. Nbc5 Nc4 43. b3 Ne3 44. b4 Nc4 45. h4 Ke7 46. Kh3 Kd6 47. Nb7+ Ke6 48. hxg5 hxg5 49. Na5 N6xa5 50. bxa5 Nxa5 51. Kg4 Kf6 52. Kh5 Nc4 53. Nf2 1-0

[Event "BL 2324 SV Mülheim Nord - SC Viernheim"]
[Site "?"]
[Date "2023.10.22"]
[Round "2.6"]
[White "Dinstuhl, Volkmar"]
[Black "Korobov, Anton"]
[Result "1/2-1/2"]
[WhiteElo "2380"]
[BlackElo "2658"]
[PlyCount "38"]
[EventDate "2023.??.??"]

1. c4 Nf6 2. Nc3 e5 3. Nf3 Nc6 4. e3 Bb4 5. Qc2 Bxc3 6. bxc3 e4 7. Ng5 d5 8. f3 exf3 9. Nxf3 O-O 10. Be2 Bg4 11. O-O Ne5 12. cxd5 Nxf3+ 13. gxf3 Bh3 14. Rf2 Qxd5 15. e4 Qg5+ 16. Kh1 Qh4 17. Kg1 Qg5+ 18. Kh1 Qh4 19. Kg1 Qg5+ 1/2-1/2

[Event "BL 2324 SV Mülheim Nord - SC Viernheim"]
[Site "?"]
[Date "2023.10.22"]
[Round "2.7"]
[White "Amin, Bassem"]
[Black "Gungl, Theo"]
[Result "1-0"]
[WhiteElo "2680"]
[BlackElo "2372"]
[PlyCount "111"]
[EventDate "2023.??.??"]

1. Nf3 d5 2. c4 c6 3. g3 g6 4. Qa4 d4 5. b4 Bg7 6. d3 e5 7. Nbd2 Ne7 8. Bg2 O-O 9. O-O a6 10. Bb2 Bf5 11. c5 Nd7 12. Nc4 b5 13. cxb6 Nxb6 14. Qc2 Nxc4 15. Qxc4 a5 16. Ba3 Be6 17. Qc1 Re8 18. bxa5 Qxa5 19. Bxe7 Rxe7 20. Qxc6 Bd5 21. Qc1 Rc7 22. Qd2 Qxd2 23. Nxd2 Bxg2 24. Kxg2 Rc2 25. Rfd1 Raxa2 26. Rxa2 Rxa2 27. Kf1 f5 28. Nc4 h5 29. Rb1 Ra6 30. h3 e4 31. Rb8+ Kf7 32. Kg2 exd3 33. exd3 Bf6 34. Kf3 Ke6 35. Rb5 Bg7 36. g4 hxg4+ 37. hxg4 Rc6 38. Ra5 fxg4+ 39. Kxg4 Bf6 40. f4 Kf7 41. Kf3 Re6 42. Ne5+ Kg7 43. Ke4 Re7 44. Ra6 Rb7 45. Rd6 Re7 46. Rc6 Ra7 47. Ng4 Re7+ 48. Kd5 Bh4 49. Ne5 Bf6 50. Rc2 Ra7 51. Rg2 Ra5+ 52. Ke4 g5 53. Nf3 Kg6 54. Nxg5 Bxg5 55. Rxg5+ Rxg5 56. fxg5 1-0

[Event "BL 2324 SV Mülheim Nord - SC Viernheim"]
[Site "?"]
[Date "2023.10.22"]
[Round "2.8"]
[White "Dordevic, Tom"]
[Black "Meier, Georg"]
[Result "0-1"]
[WhiteElo "1997"]
[BlackElo "2628"]
[PlyCount "120"]
[EventDate "2023.??.??"]

1. d4 Nf6 2. Nf3 e6 3. Bf4 Be7 4. Nbd2 Nh5 5. Bg3 b6 6. e4 Bb7 7. Bd3 d6 8. Qe2 a6 9. O-O-O Nd7 10. Nc4 h6 11. Ne3 b5 12. d5 e5 13. h4 g6 14. Bh2 Nf4 15. Bxf4 exf4 16. Nf1 Bf6 17. g3 Bg7 18. gxf4 Qf6 19. c3 Qxf4+ 20. Qe3 Qxe3+ 21. Nxe3 O-O 22. h5 Rae8 23. Nd4 Nc5 24. f3 Nxd3+ 25. Rxd3 Bc8 26. Rg1 Kh7 27. Kd1 Bf6 28. Rh1 Bg5 29. a3 Kg7 30. hxg6 fxg6 31. Ke2 h5 32. b3 Bd7 33. c4 bxc4 34. Nxc4 h4 35. Na5 Rf7 36. Nac6 Kf6 37. b4 Rh7 38. b5 axb5 39. Nxb5 Bf4 40. Rc3 Be5 41. Rc2 Ra8 42. Nxc7 Rxa3 43. Nb5 Ra4 44. Ke3 g5 45. Nxe5 Kxe5 46. Rc7 Rb4 47. Nc3 Rb3 48. Rg1 g4 49. fxg4 h3 50. Rf1 h2 51. Rxd7 Rxc3+ 52. Kd2 Rxd7 53. Kxc3 Kxe4 54. Rh1 Rh7 55. Kc4 Kf4 56. Kb5 Kxg4 57. Kc6 Rh6 58. Rxh2 Rxh2 59. Kxd6 Kf5 60. Kc7 Ke5 0-1

[Event "BL 2324 OSG Baden-Baden - Hamburger SK"]
[Site "?"]
[Date "2023.10.22"]
[Round "2.1"]
[White "Svane, Rasmus"]
[Black "Rapport, Richard"]
[Result "1/2-1/2"]
[WhiteElo "2646"]
[BlackElo "2752"]
[PlyCount "41"]
[EventDate "2023.??.??"]

1. d4 Nf6 2. Nf3 d6 3. g3 g6 4. Bg2 Bg7 5. O-O O-O 6. Re1 Nbd7 7. e4 e5 8. Nc3 b6 9. a4 a5 10. b3 Bb7 11. dxe5 dxe5 12. Nd2 Ba6 13. Bf1 Bxf1 14. Kxf1 c6 15. Nc4 Qc7 16. Qf3 Rfb8 17. Ba3 Ne8 18. Rad1 Nf8 19. Bxf8 Bxf8 20. Rd3 Rd8 21. Red1 1/2-1/2

[Event "BL 2324 OSG Baden-Baden - Hamburger SK"]
[Site "?"]
[Date "2023.10.22"]
[Round "2.2"]
[White "Keymer, Vincent"]
[Black "Svane, Frederik"]
[Result "1/2-1/2"]
[WhiteElo "2717"]
[BlackElo "2626"]
[PlyCount "125"]
[EventDate "2023.??.??"]

1. d4 Nf6 2. c4 e6 3. Bf4 Bb4+ 4. Nd2 Nc6 5. Ngf3 d6 6. a3 Bxd2+ 7. Bxd2 e5 8. Bg5 h6 9. Bh4 Qe7 10. d5 Nb8 11. Nd2 g5 12. Bg3 Bf5 13. h4 Rg8 14. Qb3 b6 15. hxg5 hxg5 16. Qf3 Bg6 17. e4 Nbd7 18. Bd3 Nh5 19. O-O-O Nf4 20. Bxf4 exf4 21. Bc2 Ne5 22. Qc3 Kf8 23. Rdg1 Ng4 24. Rf1 Qf6 25. Qxf6 Nxf6 26. f3 Nd7 27. Nb1 Ne5 28. b3 Ke7 29. Nc3 a6 30. Kd2 Rh8 31. Ne2 Kf6 32. Bd1 Rxh1 33. Rxh1 b5 34. Nd4 bxc4 35. b4 Rc8 36. Be2 c6 37. dxc6 Nxc6 38. Nxc6 Rxc6 39. Rc1 Ke5 40. Rxc4 Rb6 41. Rc8 f5 42. Rg8 Kf6 43. exf5 Bxf5 44. Kc3 Ke5 45. Re8+ Be6 46. a4 Rc6+ 47. Kd2 d5 48. a5 Kd4 49. Bd3 Bc8 50. Rd8 g4 51. Rf8 Ke5 52. fxg4 Bxg4 53. Rb8 Kd4 54. Rf8 Ke5 55. Ra8 Bc8 56. b5 axb5 57. Bxb5 Rc5 58. Rb8 Bf5 59. a6 Rc2+ 60. Ke1 Ra2 61. Rb7 Kd4 62. Bf1 Bc2 63. Rc7 1/2-1/2

[Event "BL 2324 OSG Baden-Baden - Hamburger SK"]
[Site "?"]
[Date "2023.10.22"]
[Round "2.3"]
[White "Kempinski, Robert"]
[Black "Vitiugov, Nikita"]
[Result "1/2-1/2"]
[WhiteElo "2554"]
[BlackElo "2711"]
[PlyCount "40"]
[EventDate "2023.??.??"]

1. d4 Nf6 2. c4 e6 3. Nf3 Bb4+ 4. Nbd2 O-O 5. a3 Be7 6. b3 d5 7. Bb2 b6 8. e3 Bb7 9. Bd3 dxc4 10. Nxc4 Nbd7 11. b4 Rb8 12. O-O c5 13. dxc5 bxc5 14. Nfe5 Bd5 15. Qc2 cxb4 16. axb4 Rxb4 17. Rxa7 Nxe5 18. Bxe5 Bc5 19. Raa1 Ng4 20. Bf4 Nf6 1/2-1/2

[Event "BL 2324 OSG Baden-Baden - Hamburger SK"]
[Site "?"]
[Date "2023.10.22"]
[Round "2.4"]
[White "Vallejo Pons, Francisco"]
[Black "Engel, Luis"]
[Result "0-1"]
[WhiteElo "2680"]
[BlackElo "2547"]
[PlyCount "72"]
[EventDate "2023.??.??"]

1. Nf3 d5 2. g3 Nf6 3. Bg2 e6 4. O-O Be7 5. d3 c5 6. e4 Nc6 7. Qe2 b6 8. e5 Nd7 9. c4 d4 10. h4 h6 11. h5 Bb7 12. Re1 Qc7 13. Na3 a6 14. Nc2 b5 15. b3 b4 16. a3 a5 17. Bf4 Nf8 18. axb4 axb4 19. Rxa8+ Bxa8 20. Nh4 Bxh4 21. gxh4 f5 22. Kh2 Kf7 23. Bh3 Ne7 24. Rg1 Bc6 25. Ne1 Nd7 26. f3 Rg8 27. Ng2 Ra8 28. Bg3 Qb7 29. Nf4 Ra3 30. Be1 Bxf3 31. Bg2 Bxe2 32. Bxb7 Bg4 33. Bd5 Nxd5 34. cxd5 Nxe5 35. dxe6+ Kf6 36. Kg2 Rxb3 0-1

[Event "BL 2324 OSG Baden-Baden - Hamburger SK"]
[Site "?"]
[Date "2023.10.22"]
[Round "2.5"]
[White "Papp, Gabor"]
[Black "Donchenko, Alexander"]
[Result "1-0"]
[WhiteElo "2530"]
[BlackElo "2676"]
[PlyCount "67"]
[EventDate "2023.??.??"]

1. e4 c5 2. Nf3 d6 3. d4 cxd4 4. Nxd4 Nf6 5. Nc3 a6 6. h3 e6 7. g4 h6 8. Bg2 Be7 9. h4 Nc6 10. g5 hxg5 11. hxg5 Rxh1+ 12. Bxh1 Nd7 13. Nxe6 fxe6 14. Qh5+ Kf8 15. Be3 Nde5 16. f4 Qe8 17. Qh7 Qg6 18. Qh8+ Kf7 19. O-O-O Bxg5 20. fxg5 Ke7 21. Rf1 b5 22. Qf8+ Kd7 23. Rd1 Ne7 24. Rxd6+ Kxd6 25. Qd8+ Bd7 26. Qxa8 N7c6 27. Qxa6 Qh5 28. Bg2 b4 29. Qe2 Qh2 30. Nb5+ Ke7 31. Qf2 Ng4 32. Bc5+ Kd8 33. Qf8+ Be8 34. Nd6 1-0

[Event "BL 2324 OSG Baden-Baden - Hamburger SK"]
[Site "?"]
[Date "2023.10.22"]
[Round "2.6"]
[White "Kasimdzhanov, Rustam"]
[Black "Kramer, Julian"]
[Result "1-0"]
[WhiteElo "2673"]
[BlackElo "2480"]
[PlyCount "35"]
[EventDate "2023.??.??"]

1. e4 c5 2. Nf3 d6 3. d4 cxd4 4. Nxd4 Nf6 5. Nc3 Nc6 6. Bc4 Bd7 7. Be3 e6 8. Qe2 a6 9. Bb3 Be7 10. O-O-O Na5 11. g4 h5 12. h3 g6 13. f4 Nxb3+ 14. Nxb3 Qc7 15. g5 Nh7 16. f5 Nxg5 17. fxg6 Bc6 18. Rhg1 1-0

[Event "Bundesliga 2324"]
[Site "Germany"]
[Date "2023.10.22"]
[Round "2.5"]
[White "Ftacnik, Lubomir"]
[Black "Adams, Michael"]
[Result "1/2-1/2"]
[WhiteElo "2451"]
[BlackElo "2660"]
[PlyCount "98"]
[EventDate "2023.10.21"]
[EventType "team-tourn"]
[EventRounds "15"]
[EventCountry "GER"]
[SourceTitle "TW 1511"]
[SourceDate "2023.10.23"]
[SourceVersion "1"]
[SourceVersionDate "2023.10.23"]
[SourceQuality "2"]
[WhiteTeam "Hamburger SK"]
[BlackTeam "Baden-Baden"]
[WhiteTeamCountry "GER"]
[BlackTeamCountry "GER"]

1. Nf3 d5 2. d4 Nf6 3. c4 e6 4. Nc3 Nbd7 5. Bg5 h6 6. Bh4 Be7 7. e3 O-O 8. Be2 c6 9. cxd5 exd5 10. Qc2 Ne4 11. Nxe4 Bxh4 12. Nd6 Be7 13. Nxc8 Rxc8 14. O-O Bd6 15. Bd3 Nf6 16. Rac1 Re8 17. g3 Rc7 18. Rfe1 g6 19. a3 Qe7 20. Nd2 Kg7 21. e4 dxe4 22. Nxe4 Qd8 23. Nxf6 Rxe1+ 24. Rxe1 Qxf6 25. Re4 Re7 26. Qc3 Rxe4 27. Bxe4 Bc7 28. d5 Be5 29. Qf3 Bxb2 30. dxc6 bxc6 31. Bxc6 Qxf3 32. Bxf3 Bxa3 33. Kg2 a5 34. Bc6 Kf6 35. f4 Bb4 36. Kf3 Ke7 37. h4 Be1 38. Ba4 f6 39. Bc2 Kd6 40. Bxg6 a4 41. Bf7 Kc5 42. h5 Kd4 43. Kg4 Ke4 44. Bg6+ Ke3 45. Kf5 a3 46. Bf7 Bxg3 47. Kxf6 Bxf4 48. Kf5 Bd6 49. Kg4 Be7 1/2-1/2

[Event "BL 2324 OSG Baden-Baden - Hamburger SK"]
[Site "?"]
[Date "2023.10.22"]
[Round "2.8"]
[White "Bacrot, Etienne"]
[Black "Heinemann, Thies"]
[Result "1-0"]
[WhiteElo "2669"]
[BlackElo "2438"]
[PlyCount "81"]
[EventDate "2023.??.??"]

1. d4 Nf6 2. c4 e6 3. Nf3 b6 4. g3 Ba6 5. Qa4 c5 6. Bg2 Bb7 7. dxc5 Bxc5 8. O-O O-O 9. Nc3 Qc8 10. Bf4 d5 11. cxd5 Nxd5 12. Rac1 Bc6 13. Qc2 Nxc3 14. Qxc3 a5 15. a3 a4 16. Ng5 Bxg2 17. Qd3 f5 18. Kxg2 Qc6+ 19. Kg1 Nd7 20. Rfd1 Rfd8 21. Be3 h6 22. Bxc5 bxc5 23. Nf3 Qb6 24. Qc4 Nf6 25. Ne5 Rd5 26. Rxd5 exd5 27. Nd7 Qd6 28. Nxf6+ gxf6 29. Qxc5 Qxc5 30. Rxc5 Rb8 31. Rxd5 Rxb2 32. Rxf5 Kg7 33. Kf1 Rb1+ 34. Kg2 Re1 35. Rf4 Rxe2 36. Rxa4 Kg6 37. Rg4+ Kf7 38. a4 Ra2 39. Rf4 Kg6 40. Kf3 Ra3+ 41. Ke2 1-0

[Event "BL 2324 SC Ötigheim - SK Doppelbauer Tu"]
[Site "?"]
[Date "2023.10.22"]
[Round "2.1"]
[White "Bjerre, Jonas Buhl"]
[Black "Motylev, Alexander"]
[Result "0-1"]
[WhiteElo "2637"]
[BlackElo "2602"]
[PlyCount "62"]
[EventDate "2023.??.??"]

1. e4 e5 2. Nf3 Nc6 3. Bb5 Nf6 4. d3 d6 5. O-O Bd7 6. c3 a6 7. Ba4 h6 8. Re1 g5 9. d4 g4 10. Nfd2 b5 11. Bb3 exd4 12. Nf1 d3 13. Qxd3 Ne5 14. Qe2 Rg8 15. Nbd2 h5 16. f4 gxf3 17. Nxf3 Nfg4 18. Ng3 h4 19. Nf5 Qf6 20. Rf1 O-O-O 21. N3xh4 d5 22. Bf4 dxe4 23. Qxe4 Bc6 24. Qc2 Bc5+ 25. Kh1 Rd3 26. Bg3 Nxh2 27. Bxh2 Rh3 28. Rf4 Ng4 29. Rxg4 Rxg4 30. Qe2 Rxh2+ 31. Kxh2 Rxh4+ 0-1

[Event "BL 2324 SC Ötigheim - SK Doppelbauer Tu"]
[Site "?"]
[Date "2023.10.22"]
[Round "2.2"]
[White "Gharamian, Tigran"]
[Black "Teclaf, Pawel"]
[Result "1/2-1/2"]
[WhiteElo "2593"]
[BlackElo "2585"]
[PlyCount "40"]
[EventDate "2023.??.??"]

1. e4 e5 2. Nf3 Nf6 3. Nxe5 d6 4. Nd3 Nxe4 5. Nf4 Nf6 6. d4 Nc6 7. c3 d5 8. Bd3 Bd6 9. O-O O-O 10. h3 Ne7 11. Nh5 Nxh5 12. Qxh5 g6 13. Qf3 Bf5 14. Bxf5 Nxf5 15. Bf4 Nh4 16. Qg3 Nf5 17. Qf3 Nh4 18. Qg3 Nf5 19. Qf3 Nh4 20. Qg3 Nf5 1/2-1/2

[Event "BL 2324 SC Ötigheim - SK Doppelbauer Tu"]
[Site "?"]
[Date "2023.10.22"]
[Round "2.3"]
[White "Gumularz, Szymon"]
[Black "Bauer, Christian"]
[Result "1/2-1/2"]
[WhiteElo "2581"]
[BlackElo "2552"]
[PlyCount "62"]
[EventDate "2023.??.??"]

1. e4 Nc6 2. Nf3 d6 3. d4 Nf6 4. Nc3 g6 5. Be2 Bg7 6. O-O O-O 7. d5 Nb8 8. Bg5 c6 9. Re1 Bg4 10. a4 Nbd7 11. a5 a6 12. h3 Bxf3 13. Bxf3 Qc7 14. Be2 e6 15. Qd2 cxd5 16. exd5 e5 17. Kh1 Kh8 18. Ra4 Rac8 19. h4 Rfe8 20. h5 Kg8 21. h6 Bh8 22. Bf1 Nf8 23. Kg1 N6d7 24. g4 f6 25. Be3 f5 26. gxf5 gxf5 27. Bh3 e4 28. Bxf5 Ne5 29. Qe2 Nf3+ 30. Kh1 Bxc3 31. bxc3 Qf7 1/2-1/2

[Event "BL 2324 SC Ötigheim - SK Doppelbauer Tu"]
[Site "?"]
[Date "2023.10.22"]
[Round "2.4"]
[White "Cornette, Matthieu"]
[Black "Meshkovs, Nikita"]
[Result "1/2-1/2"]
[WhiteElo "2581"]
[BlackElo "2526"]
[PlyCount "57"]
[EventDate "2023.??.??"]

1. e4 e5 2. Nf3 Nc6 3. Bb5 a6 4. Ba4 Nf6 5. O-O Nxe4 6. d4 b5 7. Bb3 d5 8. Nxe5 Nxe5 9. dxe5 c6 10. Nd2 Nc5 11. c3 Be7 12. Bc2 O-O 13. Nb3 Nxb3 14. axb3 a5 15. Be3 f5 16. exf6 Bxf6 17. Bc5 Rf7 18. Re1 Bd7 19. Re3 g6 20. g3 Be7 21. Bxe7 Rxe7 22. Qd4 Rxe3 23. fxe3 Bh3 24. e4 Qe7 25. exd5 Qe2 26. Qf2 Qe5 27. Qd4 Qe2 28. Qf2 Qe5 29. Qd4 1/2-1/2

[Event "BL 2324 SC Ötigheim - SK Doppelbauer Tu"]
[Site "?"]
[Date "2023.10.22"]
[Round "2.5"]
[White "Thybo, Jesper Sondergaard"]
[Black "Laurent-Paoli, Pierre"]
[Result "1/2-1/2"]
[WhiteElo "2539"]
[BlackElo "2533"]
[PlyCount "49"]
[EventDate "2023.??.??"]

1. d4 d5 2. c4 e6 3. Nf3 c6 4. Nbd2 Nf6 5. g3 Be7 6. Bg2 O-O 7. O-O b6 8. b3 Bb7 9. Bb2 Nbd7 10. e3 c5 11. Qe2 dxc4 12. Nxc4 b5 13. Nce5 cxd4 14. Nxd7 Qxd7 15. Rfd1 Rfc8 16. Ne5 Qc7 17. Rac1 Qxe5 18. Rxc8+ Rxc8 19. Bxb7 Rc7 20. Bxd4 Qf5 21. Qf3 Qc2 22. Bxf6 Bxf6 23. Ba6 g6 24. Bxb5 Kg7 25. Qe2 1/2-1/2